Представление документа в формате RUSMARC

ПолеНазваниеЗначение
  Тип записи a
  Библиографический уровень m
001 Контрольный номер RU/SLIB/B/208774749
005 Дата корректировки 20231204111159.1
010 Индекс ISBN __
d Цена 1000-00
101 Язык документа 0_
a Язык текста rus
200 Заглавие и сведения об ответственности 1_
a Заглавие Собрание сочинений
e Сведения, относящиеся к заглавию в 16 т.
f Первые сведения об ответственности М. Горький ; сост. и общ. ред. Н. Н. Жегалова ; ил. П. Пинкисевича
b Общее обозначение материала Текст
h Номер части Т. 14, ч. 4
210 Выходные данные 1_
a Место издания М.
c Издательство Правда
d Дата издания 1979
215 Физическое описание __
a Объем 560 с.
c Иллюстрации/тип воспроизводства ил.
327 Примечание о содержании 0_
a Примечание о содержании Жизнь Клима Самгина
606 Тематические рубрики __
a Основная рубрика Художественная литература
z Хронологическая подрубрика 19 в. ; 20 в.
y Географическая подрубрика Россия
606 Тематические рубрики __
a Основная рубрика Русская литература XX в. (произведения)
610 Ключевые слова 0_
a Ключевые слова повести; прозаики; писатели; проза
686 Индексы других классификаций __
a Классификационный индекс 84(2Рос=Рус)6-4
700 Автор _1
a Фамилия Горький
b Имя М.
c Титул (звания) Пешков А. М.
g Полное личное имя Максим
4 Код отношения 070
702 Вторичная интеллектуальная ответственность _1
a Фамилия Жегалов
b Имя Н. Н.
4 Код отношения Составитель
4 Код отношения 220
702 Вторичная интеллектуальная ответственность _1
a Фамилия Пинкисевич
b Имя П.
4 Код отношения Иллюстратор
4 Код отношения 440
801 Источник записи _0
a Страна RU
b Организация Муниципальное бюджетное учреждение культуры "Централизованная библиотечная система" г. Сургут (Центральная городская библиотека им. А. С. Пушкина)
g Правила каталогизации КиК/Михайлова
801 Источник записи _1
a Страна RU
b Организация Муниципальное бюджетное учреждение культуры "Централизованная библиотечная система" г. Сургут (Центральная городская библиотека им. А. С. Пушкина)
g Правила каталогизации КиК/Михайлова
852 Данные о местонахождении __
j Шифр хранения 84(2Рос=Рус)6-4
i Авторский знак Г 71
p Инвентарный номер 58000
901 Тип документа __
t Тип документа m
990 Данные о заказе (DOS) __
j Количество экземпляров (DOS) 1
t N записи в КСУ для И/У (DOS) 199601